| 000 | 00765nam a2200241 i 4500 | ||
|---|---|---|---|
| 003 | DO-SdBNP | ||
| 005 | 20250828113445.0 | ||
| 007 | ta | ||
| 008 | 250828t2007 dr o 000 0 spa d | ||
| 040 |
_aDO-SdBNP _bspa _cBNPHU _erda |
||
| 041 | _aspa | ||
| 082 |
_axxxx _bI59 _222 |
||
| 110 |
_aRepública Dominicana _bInstituto Dominicano de Aviación Civil - IDAC _982049 |
||
| 245 | 1 | 0 | _aLevantamiento de equipos y sistemas instalados el Alto Bandera, Constanza / |
| 264 | 1 |
_aSanto Domingo : _bIDAC, _c2007. |
|
| 300 |
_a3, [50] páginas _bfotografías _c28 cm. |
||
| 336 |
_atexto _btxt _2rdacontent |
||
| 337 |
_asin mediación _bn _2rdamedia |
||
| 338 |
_avolumen _bnc _2rdacarrier |
||
| 590 | _aInventariado, 2025/ YL | ||
| 910 | _aYLockward | ||
| 942 |
_2ddc _cLBS1 |
||
| 999 |
_c59836 _d59836 |
||